000 00499nam a2200169Ia 4500
003 OSt
005 20200915114446.0
008 190216s9999||||xx |||||||||||||| ||und||
040 _coclc
082 _a492.7
_bVAD/A
100 _aVadakkangara, Amanulla
_91953
245 0 _aArabic Grammar Made Easy /
_cAmanulla Vadakkangara
260 _bAshrafi Book Centre,
_c2002.
_aMalappuram:
300 _a143p
650 _aArabic Grammer
942 _cBK
_2ddc
_h492.7
_iVAD/A
_k492.7
_mVAD/A
999 _c945
_d945